000 00912nam a2200253Ia 4500
003 OSt
005 20220923214724.0
006 a|||||r|||| 00| 0
007 ta
008 220922b |||||||| |||| 00| 0 hin d
024 _a171,975
037 _cTextual
040 _aARTS
_cARTS
_bhin
041 _2hin
_ahin
082 _aO152,3:gN6, M9;N6
100 _aगुप्ता, अरूणा
245 0 _aछटे दशक की हिन्दी कहानी में जीवन मूल्य
246 _aChhaṭe dashak kī hindī kahānī mean jīvan mūlya
260 _aदिल्ली
_b इन्द्रप्रस्थ प्रकाशन
_c1996
300 _a268 पृ.
_ccm.
650 _aहिन्दी साहित्य
_9156264
942 _hO152,3:gN6, M9;N6
_cTEXL
_2CC
999 _c326099
_d326099